000
00233 a2200109 4500
001
63399
082
_a
378.1662 ETS
090
_c
37452
_d
37452
100
_a
GRE Board
245
_a
GRE Engineering Test
_h
English
260
_b
ETS
942
_a
CAE NUST
_k
378.1662 ETS
999
_c
298472
_d
298472